| 000 | 01756cam a22004574i 4500 | ||
|---|---|---|---|
| 003 | PE-LiUPU | ||
| 005 | 20250731173143.0 | ||
| 008 | 150623s r 000 0 d | ||
| 020 | _a0764227912 | ||
| 035 | _a(Sirsi) i9780764227912 | ||
| 040 |
_aPE-LiUPU _bspa _cPE-LiUPU _erda |
||
| 049 | _aPRUA | ||
| 082 | 0 | 4 |
_a294.3 _bT47 _221 |
| 100 | 1 |
_aThirumalai, Madasamy, _eautor. |
|
| 245 | 1 | 0 |
_aSharing your faith with a buddhist / _cMadasamy Thirumalai. |
| 264 | 1 |
_aMenneapolis : _bBethany House, _c2003. |
|
| 300 |
_a208 páginas ; _c21 centímetros |
||
| 336 |
_atext _2rdacontent |
||
| 337 |
_aunmediated _2rdamedia |
||
| 338 |
_avolume _2rdacarrier |
||
| 504 | _aIncluye bibliografía. | ||
| 505 | 0 | _aBuddha and buddhism. buddhist truths, paths and prohibitions. The beginnings of buddhis. The attributes of buddha. Theravada Buddhism. Mayana Buddhism. Vajrayana. Buddhism and Christianity. Evangelizing buddhists. Idols and relics. The influence of animism. panthism, and polythism. Magic. Divination. Spirit Possession. | |
| 526 | _aSEG42 | ||
| 526 | _aSEG41 | ||
| 526 | _aSEG40 | ||
| 526 | _aSEG39 | ||
| 526 | _aP94 | ||
| 526 | _aP87 | ||
| 526 | _aP86 | ||
| 526 | _aP85 | ||
| 526 | _aP77 | ||
| 526 | _aP76 | ||
| 526 | _aP35 | ||
| 650 | 0 | 4 | _aMisiones a budistas. |
| 942 |
_2ddc _cBOOK |
||
| 949 |
_a294.3 T47 _wDEWEY _c1 _i52984 _lCCODEBUL1 _mBUL _p8.00 _r0 _sY _tBOOK _u2015-6-24 _xTEOLOGIA _PP35 _0COMPRA _o.STAFF. Colección General |
||
| 994 |
_aC0 _bPEPRU |
||
| 596 | _a1 | ||
| 999 |
_a294.3 T47 _wDEWEY _c34835 _i52984 _f2021-11-12 _g5 _lCCODEBUL1 _mBUL _p8.00 _r0 _sY _tBOOK _u2015-6-24 _xTEOLOGIA _PP35 _0COMPRA _o.STAFF. Colección General _d34835 |
||
| 980 |
_81 _gALBERTO SANCHEZ Responsable de Automatización |
||